000 00583nam a2200169 i 4500
001 47745
003 ES-MaACL
005 20230906161625.0
007 t|
008 030521s1909 fr ||||1| fre d
100 1 _aBlancarnoux, Paul.
_929126
245 1 0 _aConstructions rurales
_b: matériaux, habitations des gens, logements des animaux et des récoltes /
_cpar Paul Blancarnoux et Pierre Blancarnoux.
260 _aParis :
_bL. Laveur,
_c[1909] (
_ePoitiers :
_fBlais et Roy)
300 _a269 p. ;
_c17 cm.
700 1 _aBlancarnoux, Pierre.
_929127
852 _aES-MaACL
_jF-3317
999 _c47745
_d47745